00622nam a2200205Ia 4500003000400000005001700004008004100021020001800062040001800080041000800098082002100106100002300127245010500150250001200255260003300267300002900300650002900329650003000358650002800388OSt20260327105508.0210716s2012 xx 000 0 und d a9780230766518 cAIMIT LIBRARY aeng a374.22 21bGUIC aGuillebeau, Chris. a100 startup : bfire your boss do what you love and work better to live more /cBy Chris Guillebeau. a1st ed. aLondon :bMacmillan ,c2012. axviii,285p. ;bPBc22 cm aUnexpected entrepreneurs aTaking IT to the streets  aLeverage and next steps